Rivers of the Underworld Quiz Stats

 Plays Quiz not verified by Sporcle

Also try: Roman Gods
Challenge
Share
Tweet
Embed
Score 0/5 Timer 03:00
0 Plays Today
River of..... River % Correct
Hate or DetestationStyx
100%
PainAcheron
66.7%
ForgetfulnessLethe
66.7%
Wailing or LamentationCocytus
58.3%
FirePhlegethon
44.4%

You're not logged in!

Compare scores with friends on all Sporcle quizzes.
OR
Log In

You Might Also Like...

Show Comments

Extras

Top Quizzes Today

Top Quizzes with Similar Tags

  1. Capital Cities on the Danube2

Top User Quizzes in Religion


Score Distribution

Your Account Isn't Verified!

In order to create a playlist on Sporcle, you need to verify the email address you used during registration. Go to your Sporcle Settings to finish the process.

Report this User

Report this user for behavior that violates our Community Guidelines.

Details: